| 000 | 01799cam a2200433 a 4500 | ||
|---|---|---|---|
| 999 |
_c65730 _d65730 |
||
| 001 | 768714001 | ||
| 003 | CO-MdFUSB | ||
| 005 | 20200420154907.0 | ||
| 007 | ta | ||
| 008 | 860722t1987 pau b 001 0 eng | ||
| 010 | _a 86018949 | ||
| 020 | _a0664219128 | ||
| 020 | _a9780664219123 | ||
| 020 |
_a0664250181 _q(pbk.) |
||
| 020 |
_a9780664250188 _q(pbk.) |
||
| 040 |
_aDLC _beng _cCO-MdFUSB _dMUQ _dCO-MdFUSB _dNLGGC _dYDXCP _dAU@ _dM6U _dGEBAY _dIAK _dBDX _dOCLCO _dOCLCA _dOCLCQ _dOCLCA _dOCLCQ _dOCLCF _dCFT _dOCLCQ _dOCLCA _dOCLCQ _dDEBBG _dOCLCA _dUKMGB _dL2U _dOCLCO _erda |
||
| 041 | _aeng | ||
| 082 |
_223 _a225.66 _bA926 |
||
| 100 | 1 |
_aAune, David E. _eautor |
|
| 245 | 1 | 4 |
_aThe New Testament in its literary environment / _cDavid E. Aune. |
| 250 | _aPrimera edición | ||
| 264 | 1 |
_aPhiladelphia : _bThe Westminster Press, _c[1987] |
|
| 264 | 4 | _c© 1987 | |
| 300 |
_a260 páginas ; _c24 cm. |
||
| 336 |
_atexto _btxt _2rdacontent. |
||
| 337 |
_asin mediación _bn _2rdamedia. |
||
| 338 |
_avolumen _bnc _2rdacarrier. |
||
| 490 | 1 | _aLibrary of early Christianity ; | |
| 504 | _aIncluye referencias bibliográficas | ||
| 505 | 0 | _aEl género de los Evangelios: "paralelos" literarios y no literarios -Los Evangelios como biografía antigua y el crecimiento de la literatura de Jesús -Lucas-Hechos e historiografía antigua -Las características genéricas de Lucas-Hechos y el crecimiento de la literatura apostólica -Cartas en el mundo antiguo -Primeras cartas y homilías cristianas -El Apocalipsis de Juan y la literatura reveladora antigua. | |
| 563 | _aRústico | ||
| 630 | 0 | 7 |
_aBiblia. _pNuevo Testamento |
| 830 | 0 |
_aLibrary of early Christianity ; _v8. |
|
| 942 | _cBK | ||
| 945 | _aJTF-925 | ||